Terremotos y tsunamis en Chile: para conocer y prevenir
Saved in:
| Main Authors: | , , |
|---|---|
| Format: | Book |
| Language: | Spanish |
| Published: |
Santiago
Origo Ediciones
2011
|
| Subjects: | |
| Tags: |
Add Tag
No Tags, Be the first to tag this record!
|
MARC
| LEADER | 00000cam a2200000 a 4500 | ||
|---|---|---|---|
| 001 | UCF8211 | ||
| 003 | CL-VaPUC | ||
| 008 | 130802e20110000cl |||||||||||||||||spa|d | ||
| 020 | |a 9789563160840 | ||
| 082 | 0 | 4 | |a 551.47024 |b CER |2 21 |
| 100 | |a Cereceda Troncoso, Pilar |e author |9 570307 | ||
| 700 | |a Errázuriz Korner, Ana María |e author |9 307242 | ||
| 700 | 0 | |a Lagos L., Marcelo |e author |9 570309 | |
| 245 | 1 | 0 | |a Terremotos y tsunamis en Chile: para conocer y prevenir |
| 300 | |a 127 p | ||
| 942 | |c BK | ||
| 945 | |d 20130802 12:08:00 |a dcastane | ||
| 260 | |a Santiago |b Origo Ediciones |c 2011 | ||
| 650 | 0 | |a Terremotos |9 267728 | |
| 650 | 0 | |a Tsunamis (Maremotos) |9 333600 | |
| 650 | 0 | |a Catástrofes naturales |9 268107 | |
| 650 | 0 | |a Desastres naturales |9 269276 | |
| 650 | 0 | |a Sismología |9 268106 | |
| 583 | |a last modification |c 20130802 12:08:00 |k Rodrigo Vera | ||
| 999 | |c 352846 |d 352844 | ||
| 952 | |0 0 |1 0 |3 erd |4 0 |6 551_470240000000000_CER_2011 |7 0 |8 F |9 457573 |a BIBING |b BIBING |i 5075351 |l 5 |m 1 |o 551.47024 CER 2011 |p 5075351 |q 2025-05-05 |r 2025-04-23 |s 2025-04-23 |w 2019-11-22 |y BK_F |z Catalogado en:20140710 |k GEO | ||